[Event "Saratov Aratovsky Memorial"]
[Site "Saratov"]
[Date "1999.??.??"]
[Round "7"]
[White "Pogosjan, Vladimir"]
[Black "Safaev, Alexandr"]
[Result "0-1"]
[WhiteElo "2325"]
[BlackElo "2209"]
[PlyCount "133"]
[EventDate "1999.12.??"]
[EventType "swiss"]
[EventRounds "9"]
[EventCountry "RUS"]
[SourceTitle "CBM 073 Extra"]
[Source "ChessBase"]
[SourceDate "2000.01.11"]
[SourceVersion "1"]
[SourceVersionDate "2000.01.11"]
[SourceQuality "1"]

1. e4 c5 2. d3 Nc6 3. g3 d5 4. Bg2 Nf6 5. Nc3 dxe4 6. Nxe4 Nxe4 7. Bxe4 Bd7 8. Ne2 g6 9. Be3 Bg7 10. 0-0 Qa5 11. c3 0-0 12. Nc1 b6 13. Nb3 Qa4 14. Qe2 Rac8 15. Rfe1 e5 16. Bxc5 bxc5 17. Nxc5 Qb5 18. Nxd7 Rfd8 19. a4 Qa5 20. Bxc6 Rxc6 21. b4 Qd5 22. Nc5 Bf8 23. Qxe5 Bxc5 24. Qxd5 Rxd5 25. bxc5 Rcxc5 26. Rec1 Rxd3 27. Ra3 Rd2 28. a5 Rf5 29. Rf1 Rc2 30. f4 Rc5 31. Rf3 Rb5 32. Rf2 Rc1+ 33. Kg2 Rc5 34. Rb2 Rd5 35. a6 Rd6 36. Kh3 h5 37. Kg2 Rd3 38. Kf2 Rh1 39. Kg2 Rdd1 40. Raa2 Ra1 41. Rc2 Rhc1 42. Rxc1 Rxa2+ 43. Kf3 Rxa6 44. Ke4 Kf8 45. c4 Ke7 46. c5 Kd7 47. Kd5 Ra2 48. h3 Ra3 49. Rg1 Rd3+ 50. Kc4 Ra3 51. f5 g5 52. f6 Kc6 53. Re1 Rxg3 54. Re5 g4 55. hxg4 Rxg4+ 56. Kc3 h4 57. Re7 h3 58. Rxf7 Rh4 59. Rxa7 h2 60. Ra6+ Kb5 61. Ra1 h1Q 62. Rxh1 Rxh1 63. Kd4 Kc6 64. Ke5 Re1+ 65. Kf5 Kd7 66. c6+ Ke8 67. c7 0-1

[Event "Voronezh op"]
[Site "Voronezh"]
[Date "1998.06.15"]
[Round "4"]
[White "Safaev, Alexandr"]
[Black "Terentiev, Vitaly G"]
[Result "0-1"]
[WhiteElo "2200"]
[BlackElo "2410"]
[PlyCount "152"]
[EventDate "1998.06.??"]
[EventType "swiss"]
[EventRounds "9"]
[EventCountry "RUS"]
[SourceTitle "EXT 1999"]
[Source "ChessBase"]
[SourceDate "1998.11.16"]
[SourceVersion "1"]
[SourceVersionDate "1998.11.16"]
[SourceQuality "1"]

1. d4 d5 2. c4 c6 3. Nf3 Nf6 4. Nc3 dxc4 5. a4 Bf5 6. Ne5 Nbd7 7. Nxc4 Nb6 8. Ne5 a5 9. g3 e6 10. Bg2 Bb4 11. 0-0 0-0 12. e3 h6 13. h3 Nbd7 14. Nc4 Nb6 15. Ne5 Nbd7 16. Nd3 Bxd3 17. Qxd3 e5 18. Rd1 Re8 19. Qc2 Qb6 20. Na2 Bf8 21. dxe5 Nxe5 22. e4 Bc5 23. b3 Bd4 24. Bb2 Bxb2 25. Qxb2 Rad8 26. Qc2 Rxd1+ 27. Rxd1 Rd8 28. Nc3 Rxd1+ 29. Nxd1 Qd4 30. Ne3 g6 31. Nf1 Nfd7 32. Nd2 Nc5 33. Bf1 Ncd3 34. Bxd3 Nxd3 35. Nc4 Qa1+ 36. Kh2 Qf1 37. Ne3 Qxf2+ 38. Qxf2 Nxf2 39. Nc4 Nxe4 40. Nxa5 Nd6 41. b4 f5 42. Kg2 Kf7 43. Kf3 Ke6 44. Ke3 Kd5 45. Kd3 c5 46. bxc5 Kxc5 47. Kc3 Ne4+ 48. Kb3 b6 49. Nb7+ Kd5 50. Kc2 Nxg3 51. Kd3 f4 52. a5 bxa5 53. Nxa5 g5 54. Nb3 Nf5 55. Nd2 Nd4 56. Ne4 Ke5 57. Nd2 Ne6 58. Nc4+ Kf5 59. Nd6+ Kg6 60. Ke4 Kh5 61. Nf5 Nc5+ 62. Kd4 Nd7 63. Ke4 Nb6 64. Kd4 Na4 65. Kd3 Nb2+ 66. Ke4 Nd1 67. Kf3 Ne3 68. Ne7 Kh4 69. Ng8 h5 70. Nf6 Nc4 71. Ke4 Nd2+ 72. Kd3 Nf3 73. Ke2 Ng1+ 74. Kf2 Nxh3+ 75. Kf3 g4+ 76. Kg2 g3 0-1

[Event "RUS-Cup2"]
[Site "Moscow"]
[Date "1996.??.??"]
[Round "1"]
[White "Najer, Evgeniy"]
[Black "Safaev, Alexandr"]
[Result "1-0"]
[WhiteElo "2480"]
[BlackElo "2215"]
[PlyCount "26"]
[EventDate "1996.11.28"]
[EventType "swiss"]
[EventRounds "9"]
[EventCountry "RUS"]
[SourceTitle "CBM 056 Extra"]
[Source "ChessBase"]
[SourceDate "1997.03.01"]
[SourceVersion "1"]
[SourceVersionDate "1997.03.01"]
[SourceQuality "1"]

1. e4 c5 2. Nc3 Nc6 3. Bb5 Nd4 4. Bc4 e6 5. Nf3 Nxf3+ 6. Qxf3 d6 7. 0-0 Nf6 8. Qg3 a6 9. d3 b5 10. Bb3 Bb7 11. Re1 g6 12. Bg5 h6 13. Be3 Bg7 1-0